| 000 | 00000nam 2200000zi 4500 |
| 001 | 9.899357 |
| 003 | CaOODSP |
| 005 | 20240909103307 |
| 006 | m o d f |
| 007 | cr |n||||||||| |
| 008 | 210430s1984 oncad ob f000 0 fre d |
| 040 | |aCaOODSP|bfre|erda|cCaOODSP |
| 043 | |an-cn--- |
| 086 | 1 |aC23-276/1984F-PDF |
| 245 | 03|aLa bureautique. |
| 264 | 1|a[Ottawa] : |bGouvernement du Canada, Expansion industrielle régionale = Government of Canada, Regional Industrial Expansion, |cautomne 1984. |
| 300 | |a1 ressource en ligne (63 pages, 8 pages non numérotées) : |billustrations, graphiques |
| 336 | |atexte|btxt|2rdacontent/fre |
| 337 | |ainformatique|bc|2rdamedia/fre |
| 338 | |aressource en ligne|bcr|2rdacarrier/fre |
| 500 | |aÉdition numérisée de l'imprimé [par Innovation, Sciences et Développement économique Canada]. |
| 504 | |aComprend des références bibliographiques. |
| 650 | 6|aBureautique|zCanada. |
| 650 | 0|aOffice practice|zCanada|xAutomation. |
| 710 | 1 |aCanada. |bMinistère de l'expansion industrielle régionale, |eorganisme de publication. |
| 856 | 40|qPDF|s1604 Ko|uhttps://publications.gc.ca/collections/collection_2024/isde-ised/c23/C23-276-1984-fra.pdf |